<?xml version="1.0" encoding="UTF-8"?>
<record
    xmlns:xsi="http://www.w3.org/2001/XMLSchema-instance"
    xsi:schemaLocation="http://www.loc.gov/MARC21/slim http://www.loc.gov/standards/marcxml/schema/MARC21slim.xsd"
    xmlns="http://www.loc.gov/MARC21/slim">

  <leader>02024nam a2200301uu 4500</leader>
  <controlfield tag="001">1526711</controlfield>
  <controlfield tag="005">20260508093301.0</controlfield>
  <controlfield tag="007">co|||||||</controlfield>
  <controlfield tag="008">190605s2018                        spa  </controlfield>
  <datafield tag="035" ind1=" " ind2=" ">
    <subfield code="a">1526711</subfield>
  </datafield>
  <datafield tag="040" ind1=" " ind2=" ">
    <subfield code="c">comduadb</subfield>
  </datafield>
  <datafield tag="041" ind1=" " ind2=" ">
    <subfield code="a">spa</subfield>
  </datafield>
  <datafield tag="082" ind1=" " ind2="4">
    <subfield code="a">306</subfield>
  </datafield>
  <datafield tag="100" ind1="1" ind2="0">
    <subfield code="a">Ocampo Cogua, Erika</subfield>
    <subfield code="4">aut</subfield>
    <subfield code="e">aut</subfield>
    <subfield code="9">786802</subfield>
  </datafield>
  <datafield tag="245" ind1="1" ind2="3">
    <subfield code="a">El Festival de Teatro Ca&#xF1;a Brava como estrategia para el fortalecimiento de la identidad cultural del municipio de Sons&#xF3;n</subfield>
  </datafield>
  <datafield tag="260" ind1=" " ind2=" ">
    <subfield code="a">Sons&#xF3;n (Antioquia) :</subfield>
    <subfield code="b">Autor(a),</subfield>
    <subfield code="c">2018.</subfield>
  </datafield>
  <datafield tag="300" ind1=" " ind2=" ">
    <subfield code="a">CD-ROM</subfield>
  </datafield>
  <datafield tag="500" ind1=" " ind2=" ">
    <subfield code="a">RESUMEN : El presente proyecto de investigaci&#xF3;n ofrece algunas reflexiones en torno al diagn&#xF3;stico del estado y organizaci&#xF3;n del Festival de Teatro Ca&#xF1;a Brava, haciendo as&#xED; algunas propuestas hacia su mejoramiento, desde las herramientas que puede ofrecer la Gesti&#xF3;n Cultural, para la construcci&#xF3;n colectiva de un festival -con valor- para la comunidad, en la que se pueda reflejar el fortalecimiento de la identidad cultural hacia el mismo. De esta manera, este proyecto da muestra del trabajo realizado durante los semestres 2018 I y II para la recolecci&#xF3;n de informaci&#xF3;n, con la que se pudo determinar la principal problem&#xE1;tica y la cual se abord&#xF3; por medio de diferentes estrategias de investigaci&#xF3;n con el prop&#xF3;sito de aplicar los conocimientos adquiridos en la carrera de pre-grado en Gesti&#xF3;n Cultural y que los resultados puedan ser aplicados en los pr&#xF3;ximos festivales a realizar a corto, mediano y largo plazo.</subfield>
  </datafield>
  <datafield tag="650" ind1=" " ind2=" ">
    <subfield code="a">Festivales de teatro</subfield>
    <subfield code="9">18430</subfield>
  </datafield>
  <datafield tag="650" ind1=" " ind2="7">
    <subfield code="a">Teatro y sociedad</subfield>
    <subfield code="2">lemb</subfield>
    <subfield code="9">31467</subfield>
  </datafield>
  <datafield tag="650" ind1=" " ind2="7">
    <subfield code="a">Identidad cultural</subfield>
    <subfield code="z">Antioquia (Colombia)</subfield>
    <subfield code="2">lemb</subfield>
    <subfield code="9">152226</subfield>
  </datafield>
  <datafield tag="650" ind1=" " ind2="7">
    <subfield code="a">Teatro colombiano</subfield>
    <subfield code="2">lemb</subfield>
    <subfield code="9">761</subfield>
  </datafield>
  <datafield tag="650" ind1=" " ind2=" ">
    <subfield code="a">Gesti&#xF3;n cultural - Antioquia (Colombia)</subfield>
    <subfield code="9">63064</subfield>
  </datafield>
  <datafield tag="650" ind1=" " ind2=" ">
    <subfield code="a">Sonson (Antioquia) - Cultura</subfield>
    <subfield code="9">70090</subfield>
  </datafield>
  <datafield tag="700" ind1="1" ind2="0">
    <subfield code="a">Santamar&#xCD;a P&#xE9;rez, Josue Gabriel</subfield>
    <subfield code="4">ths</subfield>
    <subfield code="e">ths</subfield>
    <subfield code="9">390528</subfield>
  </datafield>
  <datafield tag="942" ind1=" " ind2=" ">
    <subfield code="c">TESIS</subfield>
  </datafield>
  <datafield tag="999" ind1=" " ind2=" ">
    <subfield code="c">793808</subfield>
    <subfield code="d">793808</subfield>
  </datafield>
  <datafield tag="500" ind1=" " ind2=" ">
    <subfield code="a">Tesis (Gestor Cultural) Universidad de Antioquia. Facultad de Artes - T&#xED;tulo del grado otorgado</subfield>
  </datafield>
  <datafield tag="952" ind1=" " ind2=" ">
    <subfield code="0">0</subfield>
    <subfield code="1">0</subfield>
    <subfield code="4">0</subfield>
    <subfield code="7">0</subfield>
    <subfield code="8">GENERAL</subfield>
    <subfield code="a">CEDEA</subfield>
    <subfield code="b">CEDEA</subfield>
    <subfield code="d">2019-06-05</subfield>
    <subfield code="e">Material adquirido por donaci&#xF3;n</subfield>
    <subfield code="i">C1314997</subfield>
    <subfield code="l">0</subfield>
    <subfield code="o">TRA/GES-CUL0144 2018 CD-ROM</subfield>
    <subfield code="p">811235</subfield>
    <subfield code="r">2023-05-04 00:00:00</subfield>
    <subfield code="t">1</subfield>
    <subfield code="w">2023-05-04</subfield>
    <subfield code="y">DIGITAL</subfield>
  </datafield>
  <datafield tag="952" ind1=" " ind2=" ">
    <subfield code="0">0</subfield>
    <subfield code="1">0</subfield>
    <subfield code="4">0</subfield>
    <subfield code="7">0</subfield>
    <subfield code="8">DIGITAL</subfield>
    <subfield code="a">BSONS</subfield>
    <subfield code="b">BSONS</subfield>
    <subfield code="d">2019-10-23</subfield>
    <subfield code="e">Material adquirido por donaci&#xF3;n</subfield>
    <subfield code="i">C1322883</subfield>
    <subfield code="l">0</subfield>
    <subfield code="o">306.484 O15 CD-ROM</subfield>
    <subfield code="p">1044752</subfield>
    <subfield code="r">2023-05-04 00:00:00</subfield>
    <subfield code="t">2</subfield>
    <subfield code="w">2023-05-04</subfield>
    <subfield code="y">DIGITAL</subfield>
  </datafield>
</record>
